Sitcom Character Mashup Quiz Stats

Quiz Updated Jun 23, 2013

Also try: TV Name Swap
Challenge
Share
Tweet
Embed
Score 0/45 Timer 06:00
1 Play Today
% Correct
Friends
91.1%
Joey Tribbiani
84.7%
Seinfeld
84.3%
Jennifer Aniston
81.8%
The Office
81.4%
Cosmo Kramer
77%
Elaine Benes
76.4%
How I Met Your Mother
71.8%
Michael Scott
69.8%
Rachel Green
69.7%
Cheers
67.1%
Family Matters
66.7%
Matt LeBlanc
66.3%
Steve Urkel
65%
30 Rock
64.8%
Steve Carell
61.9%
Home Improvement
61%
Liz Lemon
60.7%
Neil Patrick Harris
60%
Dwight Schrute
59.3%
Julia Louis-Dreyfus
59.2%
Tina Fey
58.7%
Alec Baldwin
55.7%
% Correct
Barney Stinson
54.7%
Tim Allen
54%
Tim Taylor
53.4%
Michael Richards
52.8%
Norm Peterson
52.2%
Al Borland
51.9%
Jack Donaghy
47.3%
Rainn Wilson
43.9%
Lily Aldrin
43.8%
Jaleel White
36.9%
Cliff Clavin
36.3%
George Wendt
29.5%
Carl Winslow
29.5%
Alyson Hannigan
26.4%
John Ratzenberger
26.3%
Richard Karn
19.3%
Archer
15.3%
Sterling Archer
14.3%
Reginald VelJohnson
11.5%
Lana Kane
11.1%
H. Jon Benjamin
8.9%
Aisha Tyler
7.5%

You're not logged in!

Compare scores with friends on all Sporcle quizzes.
Join for Free
OR
Log In

You Might Also Like...

Show Comments

Extras

Top Quizzes Today


Score Distribution

Your Account Isn't Verified!

In order to create a playlist on Sporcle, you need to verify the email address you used during registration. Go to your Sporcle Settings to finish the process.

Report this User

Report this user for behavior that violates our Community Guidelines.

Details: